| 000 | 00737nam a2200217Ia 4500 | ||
|---|---|---|---|
| 003 | GCL | ||
| 008 | 140319s9999 xx 000 0 ara d | ||
| 020 | _a1705723977 | ||
| 040 |
_aGCL / _cGCL |
||
| 082 | 0 | 4 |
_a592.57 _bم ن |
| 100 | 1 | _aمحمد الامين محمد سويلم | |
| 245 | 1 | 0 |
_aالنيماتودا النباتية : _bالعدو الخفى / _cمحمد الامين محمد سويلم |
| 250 | _aالاولى | ||
| 260 |
_aالقاهرة : _bايتراك للنشر والتوزيع ، _c2002 |
||
| 300 |
_a302 ص ؛ _c24 سم |
||
| 650 | 0 | 4 | _aالديدان |
| 650 | 0 | 4 | _aالنيماتودا |
| 650 | 0 | 4 | _aالنيماتودا - تربية |
| 650 | 0 | 4 | _aالديدان الاسطوانية |
| 942 |
_2ddc _cBK |
||
| 999 |
_c6115 _d6115 |
||